| 000 | 00540nam a2200181 i 4500 | ||
|---|---|---|---|
| 001 | 59834 | ||
| 003 | ES-MaACL | ||
| 005 | 20250901105431.0 | ||
| 007 | t| | ||
| 008 | 031031s1935 sz |||| | fre d | ||
| 245 | 0 | 0 |
_aEnquête sur les accords de clearing / _cSocièté des Nations. |
| 260 |
_aGenève : _b[Socièté des Nations], _c1935 ( _fImp. Granchamp) |
||
| 300 |
_a137 p. ; _c24 cm. |
||
| 650 | 0 | 7 |
_aComercio exterior _2embne _911168 |
| 710 | 2 |
_aSociedad de Naciones. _96682 |
|
| 852 |
_aES-MaACL _jA-3806 |
||
| 999 |
_c59834 _d59834 |
||